00437cam a22000977a 4500008003600000082001200036245014800048260004600196500003600242700006100278180718b xxu||||| |||| 00| 0 eng d aX804x42 aPublic cleansing: refuse collection and disposal; street cleansing costing returnscby Ministry of Housing and Local Government, United Kingdom aLondonbHer Majesty's Stationery Officec aContents: Library has 1957/1960 aUnited Kingdom. Ministry of Housing and Local Government